| 000 | 01002nam a22002537a 4500 | ||
|---|---|---|---|
| 005 | 20170124103150.0 | ||
| 010 | _aB-091683 | ||
| 020 |
_c150.00 _a8178791463 |
||
| 035 | _aB-091683 | ||
| 037 | _bCen Lib/Ret | ||
| 040 |
_aDPL _bHN |
||
| 082 |
_a613.7046 _bसपरा |
||
| 100 |
_aसपरा, चारू _987637 |
||
| 245 |
_aयोग और शरीर रचना / _c चारू सपरा |
||
| 246 |
_aYog aur sharir rachna _b by Charu Sapra |
||
| 260 |
_aनई दिल्ली _bस्पोर्ट्स पब्लिकेशन _c2004 |
||
| 270 |
_a4264/3, अंसारी रोड दरिया गंज _bनई दिल्ली _e110002 |
||
| 300 |
_a96पृष्ठ. _c20सेमी(सजिल्द) |
||
| 650 |
_aयोग शास्त्र _94735 |
||
| 650 |
_aयोग और मन _979936 |
||
| 650 |
_aYoga scripture _987638 |
||
| 650 |
_aYoga and Mind _987639 |
||
| 942 |
_2ddc _cHN _h613.7046 _mसपरा |
||
| 999 |
_c119921 _d119921 |
||